Comarques barcelonines - Mort sobtada - Statistics

General Stats
  • This quiz has been taken 33 times
  • The average score is 5 of 13
Answers on the Grid
Answers color-coded by a green-red scale on the quiz's grid according to % correct below.
Alt Camp
Alt Empordà
Alt Penedès
Alt Urgell
Alta Ribagorça
Anoia
Aran
Bages
Baix Camp
Baix Ebre
Baix Empordà
Baix Llobregat
Baix Penedès
Barcelonès
Berguedà
Cerdanya
Conca de Barberà
Garraf
Garrigues
Garrotxa
Gironès
Lluçanès
Maresme
Moianès
Montsià
Noguera
Osona
Pallars Jussà
Pallars Sobirà
Pla d'Urgell
Pla de l'Estany
Priorat
Ribera d'Ebre
Ripollès
Segarra
Segrià
Selva
Solsonès
Tarragonès
Terra Alta
Urgell
Vallès Occidental
Vallès Oriental
 
Answer Stats
Answer % Correct
Barcelonès
83%
Alt Penedès
61%
Baix Llobregat
61%
Anoia
56%
Bages
56%
Vallès Oriental
50%
Vallès Occidental
44%
Berguedà
33%
Maresme
28%
Lluçanès
22%
Moianès
17%
Osona
17%
Solsonès
0%
No matching quizzes found
Score Distribution
Percent of People with Each Score
Percentile by Number Answered
Your Score History
You have not taken this quiz